Adivinhe o país pela equipe. (Versão AFC) - Statistics

Estatísticas Gerais
  • Esse quiz foi jogado 78 vezes
  • A pontuação média é 9 de 22
Estatísticas das Respostas
Imagem Resposta % Correto
Austrália
99%
China
99%
Japão
94%
Arábia Saudita
93%
Coréia do Sul
90%
Emirados Árabes Unidos
78%
Índia
52%
Iraque
49%
Vietnã
43%
Catar
39%
Indonésia
36%
Malásia
33%
Tailândia
25%
Camboja
24%
Síria
19%
Jordânia
15%
Singapura
13%
Irã
10%
Líbano
10%
Mongólia
10%
Filipinas
4%
Palestina
0%
Nenhum quiz correspondente encontrado
Distribuição das Pontuações
Porcentagem de Pessoas com Cada Pontuação
Percentil de Números Respondidos
Sua Pontuação Histórica
Você não jogou esse quiz